00803nam a2200217 a 450000100100000000500170001000800410002702000150006804000250008308200150010810000220012324500920014524600460023726000310028330000290031450400560034370000440039904900090044395201180045299900150057000000477520200929151512.0090727s1980 sp a 000 0 spa d a8470311565 aDO-SdBNPbspacBNPHU axxxbE979g1 aEyot, Yves91387910aGénesis de los fenómenos estéticos /cYves Eyot; traductora Graziellla Baravalle.1 aGenesé des phénoménes esthétiques aBarcelona :bBlume,c1980. a444 p. :bil. ;c18 cm . aIncluye referencias y notas al pie de las páginas1 aBaravalle, Graziellactraductora913880 aBNPD 001052708MOaGRbGRcCTd2009-07-27iLF1l0oxxx E979gp4775-10r2020-06-25w2020-06-25y2ZPréstamo interno c4581d4581